000 00964cgm a2200253 4500
001 B3033
008 090401t1987 xxu||||| |||| 00| 0 eng d
035 _a(Sirsi) u53654
041 _aeng
050 _a380.1
_c18
100 _aBarnett, John
245 _aAuctioneering property
_h[sound recording]
260 _aLondon
_bRoyal Institution of Chartered Surveyors
_c1987
300 _a1 audio cassette (ca. 60 min.)
350 _a10
490 _aOwlion Audio Programme
520 _aAn auctioneer of national repute paints a complete picture of the auction scene from its biblical orgins right through to the present day. Also includes step-by-step preparations for a property auction and actuality experts from `real life auctions`.
650 _aAuctioneering
_96218
690 _aAuctioneering
_96218
710 _aCollege of Estate Management
_9400
710 _aRoyal Institution of Chartered Surveyors
_94900
942 _n0
948 _c04/03/1997
999 _c85265
_d85265